000
00334nam a22001457a 4500
008
240126b ||||| |||| 00| 0 eng d
020
_a
9780300070866
041
_a
eng
080
_2
1997
_a
61
082
_a
61GRI
100
_a
5
101
_a
MJP
245
_a
MARIHUANA THE FORBIDDEN MEDICINE
_c
LESTER GRINSPOON
942
_2
udc
_c
BK
999
_c
60552
_d
60552